| 000 | 00517nam a2200181Ia 4500 | ||
|---|---|---|---|
| 008 | 100920s9999 xx 000 0 und d | ||
| 082 |
_b51054 _a539 0 |
||
| 100 | _aसोहनी गुरुदत्त. | ||
| 245 | _aगणकयंत्र. | ||
| 260 |
_bपुरंदरे प्रकाशन. _c1986 |
||
| 300 |
_a47 _bसाधी |
||
| 365 | _b25 | ||
| 520 | _aशाआ. | ||
| 630 | _aगणकयंत्र. | ||
| 650 | _aशाआ. | ||
| 730 | _aगणकयंत्र. | ||
| 942 | _cBOOK | ||
| 999 |
_c697012 _d697009 |
||